SPSS 15.0 statistical procedures companion / (Record no. 11481)

MARC details
000 -LEADER
fixed length control field 00580nam a22001577a 4500
008 - FIXED-LENGTH DATA ELEMENTS--GENERAL INFORMATION
fixed length control field 090503t xxu||||| |||| 00| 0 eng d
020 ## - INTERNATIONAL STANDARD BOOK NUMBER
International Standard Book Number 0131594176
082 ## - DEWEY DECIMAL CLASSIFICATION NUMBER
Edition number 22
Classification number 300.727
Item number NOR
100 ## - MAIN ENTRY--PERSONAL NAME
9 (RLIN) 4286
Personal name Norusis, M. J.
Dates associated with a name 1948-
Fuller form of name (Marija J.),
245 ## - TITLE STATEMENT
Title SPSS 15.0 statistical procedures companion /
Statement of responsibility, etc Marija J. Norusis.
260 ## - PUBLICATION, DISTRIBUTION, ETC. (IMPRINT)
Place of publication, distribution, etc Upper Saddle River, NJ :
Name of publisher, distributor, etc Prentice Hall,
Date of publication, distribution, etc 2006
300 ## - PHYSICAL DESCRIPTION
Extent xxii, 626 p. :
Other physical details ill. ;
Dimensions 23 cm
504 ## - BIBLIOGRAPHY, ETC. NOTE
Bibliography, etc Includes bibliographical references (p. 607-611) and index.
650 ## - SUBJECT ADDED ENTRY--TOPICAL TERM
9 (RLIN) 4289
Topical term or geographic name as entry element Social sciences
General subdivision Computer programs.
942 ## - ADDED ENTRY ELEMENTS (KOHA)
Source of classification or shelving scheme Dewey Decimal Classification
Item type Book - Borrowing
Holdings
Withdrawn status Item status Source of classification or shelving scheme Damaged status Not for loan Vendor Home library Current library Shelving location Date acquired Source of acquisition Cost, normal purchase price Serial Enumeration / chronology Total Checkouts Total Renewals Full call number Barcode Date last seen Date last borrowed Koha item type
    Dewey Decimal Classification     Baccah Central Library Central Library First floor 03/05/2009   224.00 7072 3 9 300.727 NOR 000016087 15/07/2025 22/04/2019 Book - Borrowing
    Dewey Decimal Classification     Baccah Central Library Central Library First floor 03/05/2009       1 4 300.727 NOR 000020813 24/08/2022 09/04/2019 CD | DVD - With book